<?xml version="1.0" encoding="UTF-8"?>
<collection xmlns="http://www.loc.gov/MARC21/slim">
 <record>
  <leader>02174nam a22002777a 4500</leader>
  <controlfield tag="001">NCT_60012</controlfield>
  <controlfield tag="008">190221b        xxu||||| |||| 00| 0 vie d</controlfield>
  <datafield tag="999" ind1=" " ind2=" ">
   <subfield code="c">2912</subfield>
   <subfield code="d">2912</subfield>
  </datafield>
  <datafield tag="020" ind1=" " ind2=" ">
   <subfield code="a">9786040060358</subfield>
   <subfield code="c">4300</subfield>
  </datafield>
  <datafield tag="082" ind1="0" ind2="4">
   <subfield code="2">23rd ed.</subfield>
   <subfield code="a">616.07</subfield>
   <subfield code="b">H401</subfield>
  </datafield>
  <datafield tag="100" ind1="1" ind2=" ">
   <subfield code="a">Văn Đình Hoa</subfield>
   <subfield code="e">Chủ biên</subfield>
  </datafield>
  <datafield tag="245" ind1="1" ind2="0">
   <subfield code="a">Sinh lý bệnh :</subfield>
   <subfield code="b">Dùng cho đào tạo cử nhân điều dưỡng</subfield>
   <subfield code="c">Văn Đình Hoa (chủ biên) ; Đỗ Hòa Bình, Phạm Đăng Khoa, ...(biên soạn)</subfield>
  </datafield>
  <datafield tag="250" ind1=" " ind2=" ">
   <subfield code="a">Tái bản lần thứ 1</subfield>
  </datafield>
  <datafield tag="260" ind1=" " ind2=" ">
   <subfield code="a">H.</subfield>
   <subfield code="b">Giáo dục Việt Nam</subfield>
   <subfield code="c">2015</subfield>
  </datafield>
  <datafield tag="300" ind1=" " ind2=" ">
   <subfield code="a">159 tr.</subfield>
   <subfield code="b">Hình vẽ</subfield>
   <subfield code="c">27 cm</subfield>
  </datafield>
  <datafield tag="520" ind1="3" ind2=" ">
   <subfield code="a">Sách cung cấp một bài về sinh lý bệnh đại cương: khái niệm bệnh, khái niệm bệnh nguyên, khái niệm bệnh sinh. Một số bài về quá trình bệnh lý điển hình (viêm, sốt, rối loạn chuyển hoá carbohydrat, protein, nước muối, thăng bằng kiềm toan), một số bài bệnh lý cơ quan thường gặp trong cộng đồng: tuần hoàn, hô hấp, tiêu hoá, tiết niệu.</subfield>
  </datafield>
  <datafield tag="653" ind1=" " ind2=" ">
   <subfield code="a">Y đa khoa</subfield>
  </datafield>
  <datafield tag="700" ind1="1" ind2=" ">
   <subfield code="a">Đỗ Hòa Bình</subfield>
   <subfield code="e">Biên soạn</subfield>
  </datafield>
  <datafield tag="700" ind1="1" ind2=" ">
   <subfield code="a">Phạm Đăng Khoa</subfield>
   <subfield code="e">Biên soạn</subfield>
  </datafield>
  <datafield tag="942" ind1=" " ind2=" ">
   <subfield code="2">ddc</subfield>
   <subfield code="c">BK</subfield>
  </datafield>
  <datafield tag="952" ind1=" " ind2=" ">
   <subfield code="0">0</subfield>
   <subfield code="1">0</subfield>
   <subfield code="2">ddc</subfield>
   <subfield code="4">0</subfield>
   <subfield code="6">616_070000000000000_H401</subfield>
   <subfield code="7">0</subfield>
   <subfield code="9">15674</subfield>
   <subfield code="a">000001</subfield>
   <subfield code="b">000001</subfield>
   <subfield code="d">2019-02-21</subfield>
   <subfield code="o">616.07 H401</subfield>
   <subfield code="p">MD.14509</subfield>
   <subfield code="r">2019-02-21</subfield>
   <subfield code="v">43000.00</subfield>
   <subfield code="w">2019-02-21</subfield>
   <subfield code="y">BK</subfield>
  </datafield>
  <datafield tag="952" ind1=" " ind2=" ">
   <subfield code="0">0</subfield>
   <subfield code="1">0</subfield>
   <subfield code="2">ddc</subfield>
   <subfield code="4">0</subfield>
   <subfield code="6">616_070000000000000_H401</subfield>
   <subfield code="7">0</subfield>
   <subfield code="9">15675</subfield>
   <subfield code="a">000001</subfield>
   <subfield code="b">000001</subfield>
   <subfield code="d">2019-02-21</subfield>
   <subfield code="l">2</subfield>
   <subfield code="o">616.07 H401</subfield>
   <subfield code="p">MD.14510</subfield>
   <subfield code="r">2020-12-21</subfield>
   <subfield code="s">2020-12-08</subfield>
   <subfield code="v">43000.00</subfield>
   <subfield code="w">2019-02-21</subfield>
   <subfield code="y">BK</subfield>
  </datafield>
  <datafield tag="952" ind1=" " ind2=" ">
   <subfield code="0">0</subfield>
   <subfield code="1">0</subfield>
   <subfield code="2">ddc</subfield>
   <subfield code="4">0</subfield>
   <subfield code="6">616_070000000000000_H401</subfield>
   <subfield code="7">0</subfield>
   <subfield code="9">15676</subfield>
   <subfield code="a">000001</subfield>
   <subfield code="b">000001</subfield>
   <subfield code="d">2019-02-21</subfield>
   <subfield code="l">2</subfield>
   <subfield code="o">616.07 H401</subfield>
   <subfield code="p">MD.14511</subfield>
   <subfield code="r">2020-09-07</subfield>
   <subfield code="s">2020-09-07</subfield>
   <subfield code="v">43000.00</subfield>
   <subfield code="w">2019-02-21</subfield>
   <subfield code="y">BK</subfield>
  </datafield>
  <datafield tag="952" ind1=" " ind2=" ">
   <subfield code="0">0</subfield>
   <subfield code="1">0</subfield>
   <subfield code="2">ddc</subfield>
   <subfield code="4">0</subfield>
   <subfield code="6">616_070000000000000_H401</subfield>
   <subfield code="7">0</subfield>
   <subfield code="9">15677</subfield>
   <subfield code="a">000001</subfield>
   <subfield code="b">000001</subfield>
   <subfield code="d">2019-02-21</subfield>
   <subfield code="l">1</subfield>
   <subfield code="o">616.07 H401</subfield>
   <subfield code="p">MD.14512</subfield>
   <subfield code="r">2020-10-05</subfield>
   <subfield code="s">2020-09-17</subfield>
   <subfield code="v">43000.00</subfield>
   <subfield code="w">2019-02-21</subfield>
   <subfield code="y">BK</subfield>
  </datafield>
  <datafield tag="952" ind1=" " ind2=" ">
   <subfield code="0">0</subfield>
   <subfield code="1">0</subfield>
   <subfield code="2">ddc</subfield>
   <subfield code="4">0</subfield>
   <subfield code="6">616_070000000000000_H401</subfield>
   <subfield code="7">0</subfield>
   <subfield code="9">15678</subfield>
   <subfield code="a">000001</subfield>
   <subfield code="b">000001</subfield>
   <subfield code="d">2019-02-21</subfield>
   <subfield code="o">616.07 H401</subfield>
   <subfield code="p">MD.14513</subfield>
   <subfield code="r">2019-02-21</subfield>
   <subfield code="v">43000.00</subfield>
   <subfield code="w">2019-02-21</subfield>
   <subfield code="y">BK</subfield>
  </datafield>
  <datafield tag="980" ind1=" " ind2=" ">
   <subfield code="a">Thư viện Trường Đại học Nam Cần Thơ</subfield>
  </datafield>
 </record>
</collection>
